000 00310nam a22001337a 4500
008 190129b xxu||||| |||| 00| 0 eng d
020 _a9781933478500
041 _aeng
080 _a316
100 _a50
101 _aSOC
245 _aEssential skills of social work practice
_cO'Hare,Th
942 _2udc
_cBK
999 _c53844
_d53844